000 01741nam a2200385 c 4500
999 _c159191
_d159191
003 BLK
005 20220420101051.0
008 180410b bul|||||r ||||||| ||bul||
010 _aKNG00166260000
040 _aBLK
041 _aBUL
_cBUL
080 _aОпазване на обществения ред и спокойствие
_b351.75
_x:343.21(497.2)(094.4)
_z351.75:343.21(497.2)(094.4)
080 _aОпазване на обществения ред и спокойствие
_b351.75
_x:343.1(497.2)(094.4)
_z351.75:343.1(497.2)(094.4)
139 _aБългария. Закони и др. п.
_bБ 92
245 1 0 _aНаказателен кодекс
_cсъстав. Йовчо Георгиев Гаргов.
245 1 0 _aНаказателно-процесуален кодекс
257 _aBGR
260 _aСофия
_bНаука и изкуство
_c1982
_fЯмбол : Г. Димитров
300 _a176 с.
_c20 см
380 _a3
500 _a20 110 тир.
650 4 _aНаказателен кодекс - България
_9245467
650 4 _aНаказателно-процесуален кодекс - България
_9247438
651 4 _aБългария
_9241624
653 _aнаказателно право
653 _aнаказателно-процесуално право
653 _aкодекси
700 1 _aГаргов, Йовчо Георгиев
_eсъстав.
_9334395
710 1 _aБългария. Закони и др. п.
_9243213
852 _aЦб 117004
856 4 _qpdf
856 4 _qpdf
942 _cKNG
_n0
_s1
944 _aCR
_c17.10.2014
_l17.10.2014 - от С1,Р / 17.10.2014
_kПравда_Бадева
944 _aED
_c07.01.2016
_l17.10.2014 - от С1,Р / 17.10.2014
_kМилена_Ачева
999 _d159191